Largest and Most Populous Sub-Divisions in Selected Countries - Statistics

General Stats
  • This quiz has been taken 57 times
  • The average score is 19 of 24
Answer Stats
Country Category Stats. Answer % Correct
United States Largest 1,478,840 km² Alaska
100%
United States Most Populous 39,029,342 California
100%
Canada Most Populous 15,109,416 Ontario
96%
Germany Largest 70,541 km² Bavaria
95%
Russia Most Populous 13,010,112 Moscow
95%
Australia Largest 2,526,646 km² Western Australia
95%
Turkey Most Populous 15,907,951 Istanbul
93%
Mexico Most Populous 16,992,418 México
93%
Argentina Largest 307,571 km² Buenos Aires
91%
Argentina Most Populous 17,523,996 Buenos Aires
91%
Australia Most Populous 8,093,815 New South Wales
89%
Brazil Most Populous 44,411,238 São Paulo
89%
Canada Largest 1,877,788 km² Nunavut
87%
Brazil Largest 1,559,256 km² Amazonas
80%
China Most Populous 126,012,510 Guăngdōng
76%
France Most Populous 12,395,148 Île-de-France
75%
Italy Largest 25,833 km² Sicily
75%
China Largest 1,646,900 km² Xīnjiāng
73%
Germany Most Populous 17,924,591 North Rhine-Westphalia
71%
Mexico Largest 247,455 km² Chihuahua
65%
Italy Most Populous 9,950,742 Lombardy
58%
Russia Largest 3,083,523 km² Sakha
51%
France Largest 84,036 km² Nouvelle-Aquitaine
42%
Turkey Largest 38,873 km² Konya
15%
No matching quizzes found
Score Distribution
Percent of People with Each Score
Percentile by Number Answered
Your Score History
You have not taken this quiz